| 000 | 00427cam a2200157ua 4500 | ||
|---|---|---|---|
| 041 |
_aeng _h |
||
| 082 |
_a621.3 _bDAW/CO |
||
| 100 | _aDawes, Chester L . | ||
| 245 |
_aCourse in electrical engineering: direct current vol-1 / _cChester L Dawes. _hTextual Documents |
||
| 250 |
_a4 / _b. |
||
| 260 |
_aNew York : _bMcGraw Hill Book Company , _c1955. |
||
| 300 | _a736 ; . | ||
| 504 | _a | ||
| 942 | _cBK | ||
| 999 |
_c8733 _d8733 |
||